00317nam a2200133Ia 45000030006000000080041000060400015000471000016000622450051000782500010001292600015001395460012001540050017001660STCL150530s9999 xx 000 0 und d aSTCLcSTCL aFinar, I.L. aOrganic chemistry vol-I fundemental principles aSixth bELBSc1996 aEnglish20220125170317.0